[Event "Ì15Ï"]
[Site "Loo"]
[Date "2017.04.21"]
[Round "2.47"]
[White "Ìàðóñîâ, Àëåêñåé."]
[Black "Øêðåáêî, Ìèõàèë."]
[Result "1/2-1/2"]
[WhiteElo "1752"]
[BlackElo "1468"]
[PlyCount "64"]
[EventDate "2017.04.20"]

1. d4 d5 2. Nf3 Nf6 3. e3 Bf5 4. Bd3 Bxd3 5. cxd3 e6 6. Nc3 Nbd7 7. O-O c5 8.
b3 a6 9. Bb2 Bd6 10. Na4 O-O 11. Qe2 b5 12. Nxc5 Nxc5 13. dxc5 Bxc5 14. Rac1
Rc8 15. Rc2 Be7 16. Rxc8 Qxc8 17. Rc1 Qb8 18. Qc2 Bd6 19. Qc6 a5 20. g3 e5 21.
d4 e4 22. Ne5 a4 23. h3 h5 24. Nd7 Nxd7 25. Qxd7 Bxg3 26. fxg3 Qxg3+ 27. Kf1
Qf3+ 28. Ke1 Qxe3+ 29. Kd1 Qf3+ 30. Ke1 Qe3+ 31. Kd1 Qf3+ 32. Ke1 Qe3+ 1/2-1/2

[Event "Ì15Ï"]
[Site "Loo"]
[Date "2017.04.21"]
[Round "2.48"]
[White "Ðîëüãåéçåð, Ìàðòèí."]
[Black "Îíèùåíêî, Ãåííàäèé."]
[Result "1/2-1/2"]
[WhiteElo "1694"]
[BlackElo "1451"]
[PlyCount "147"]
[EventDate "2017.04.20"]

1. d4 d5 2. c4 c6 3. Bf4 Nf6 4. e3 Bf5 5. Qb3 Qc8 6. Nc3 e6 7. h3 dxc4 8. Bxc4
Nbd7 9. Nf3 Nb6 10. Be2 Be7 11. O-O O-O 12. Nh4 Be4 13. Nxe4 Nxe4 14. Nf3 Bd6
15. Qc2 Bxf4 16. Qxe4 Bh6 17. Ne5 g6 18. h4 Nd7 19. Ng4 Bg7 20. Qf4 Kh8 21. h5
gxh5 22. Nh2 Nf6 23. Qh4 Qd8 24. Bxh5 Nxh5 25. Qxh5 Qf6 26. Nf3 Qg6 27. Qh3 Bf6
28. g3 Kg7 29. Rac1 b6 30. Kg2 Rac8 31. Rc4 h5 32. Rfc1 c5 33. dxc5 Bxb2 34.
R1c2 Bf6 35. c6 b5 36. Rc5 Be7 37. Ne5 Qe4+ 38. f3 Qxe3 39. Ng4 hxg4 40. Qxg4+
Kf6 41. Qh4+ Kg6 42. Qxe7 Rh8 43. Rxb5 Rxc6 44. Rg5+ Qxg5 45. Qxg5+ Kxg5 46.
Rxc6 Kf6 47. Ra6 Ra8 48. f4 Ke7 49. Kf3 Kd7 50. Ke4 Kc7 51. Ke5 Kb7 52. Ra3 Rc8
53. Rb3+ Ka6 54. Kf6 Rc7 55. g4 Ka5 56. g5 Ka4 57. Re3 a5 58. g6 fxg6 59. Kxg6
Rc4 60. Kg5 Rc5+ 61. Kg4 Rc6 62. Kf3 Kb4 63. Ke4 a4 64. Ke5 a3 65. Rb3+ Ka4 66.
Rb8 Rc2 67. Ra8+ Kb4 68. Rb8+ Ka4 69. Kxe6 Rxa2 70. f5 Rf2 71. f6 a2 72. f7 Ka3
73. Ra8+ Kb2 74. Rb8+ 1/2-1/2

[Event "Ì15Ï"]
[Site "Loo"]
[Date "2017.04.21"]
[Round "2.49"]
[White "Ôèðñòîâ, Òèìóð."]
[Black "Áóíèàòÿí, Äàâèä."]
[Result "0-1"]
[WhiteElo "1412"]
[BlackElo "1648"]
[PlyCount "54"]
[EventDate "2017.04.20"]

1. e4 c5 2. Nc3 Nc6 3. g3 d6 4. Bg2 g6 5. f4 Bg7 6. Nge2 e6 7. O-O Nge7 8. d3
O-O 9. h3 Nd4 10. g4 f5 11. Ng3 Rb8 12. Nce2 b5 13. c3 Nxe2+ 14. Qxe2 b4 15.
Qc2 a5 16. Bd2 Bd7 17. Rab1 a4 18. gxf5 exf5 19. exf5 Nxf5 20. Nxf5 Bxf5 21.
cxb4 cxb4 22. Qxa4 b3 23. Rf3 bxa2 24. Qxa2+ Kh8 25. Bc3 Qb6+ 26. Rf2 Bxc3 27.
Qc4 Bd4 0-1

[Event "Ì15Ï"]
[Site "Loo"]
[Date "2017.04.21"]
[Round "2.50"]
[White "Æóê, Êèðèëë."]
[Black "Òèòîâè÷, Ìèõàèë."]
[Result "1-0"]
[WhiteElo "1641"]
[BlackElo "1440"]
[PlyCount "127"]
[EventDate "2017.04.20"]

1. e4 e6 2. d3 d5 3. Nd2 Bc5 4. Ngf3 Ne7 5. g3 O-O 6. Bg2 dxe4 7. dxe4 Nbc6 8.
O-O e5 9. Qe2 Bg4 10. c3 Qc8 11. Nc4 Ng6 12. Be3 Bxe3 13. Nxe3 Be6 14. Rfd1 f6
15. h4 Rd8 16. Rxd8+ Qxd8 17. Rd1 Qe8 18. b3 Rd8 19. Rxd8 Qxd8 20. Qd2 Qxd2 21.
Nxd2 Nge7 22. Bf1 Kf8 23. Bc4 Bxc4 24. Ndxc4 Kf7 25. g4 b6 26. b4 a6 27. a4 Ke6
28. Nf5 Nxf5 29. gxf5+ Kd7 30. h5 h6 31. Kf1 a5 32. b5 Ne7 33. Ke2 Nc8 34. Kd3
c6 35. Na3 Nd6 36. c4 c5 37. Nc2 Nc8 38. Ne3 Kd6 39. Nd5 Kd7 40. Ke3 Ke8 41.
Kf3 Kf7 42. Ke3 Ke8 43. f3 Kf7 44. Kf2 Kf8 45. Kg3 Kf7 46. Kg4 Kf8 47. f4 Kf7
48. Kf3 Kf8 49. Ke3 Kg8 50. Kd3 Kf8 51. fxe5 fxe5 52. Ne3 Kf7 53. Ng4 Ke7 54.
Nxe5 Kf6 55. Nf3 Ne7 56. Ke3 Kf7 57. Kf4 Kf6 58. e5+ Kf7 59. Nd2 Nc8 60. Ne4
Ke7 61. Nc3 Kf7 62. Nd5 Kf8 63. e6 Ke8 64. Ke5 1-0

[Event "Ì15Ï"]
[Site "Loo"]
[Date "2017.04.21"]
[Round "2.51"]
[White "Èãíàòåíêî, Àðòóð."]
[Black "Èëüþøèí, Òèìîôåé."]
[Result "1-0"]
[WhiteElo "1621"]
[BlackElo "1376"]
[PlyCount "121"]
[EventDate "2017.04.20"]

1. d4 e6 2. c4 f5 3. Nc3 Nf6 4. Bg5 Bb4 5. Qc2 c5 6. e3 O-O 7. a3 Qa5 8. Bxf6
Rxf6 9. Nge2 b6 10. O-O-O Bxc3 11. Qxc3 Qxc3+ 12. Nxc3 a6 13. dxc5 bxc5 14. Na4
Bb7 15. Nxc5 Bc6 16. f3 Rg6 17. Nd3 Ba4 18. Rd2 Ra7 19. Kb1 Rf6 20. Ka2 Kf8 21.
Be2 Ke7 22. Bd1 Bc6 23. Ne5 Ba8 24. Ba4 d6 25. Nd3 Nd7 26. Bxd7 Rxd7 27. Rhd1
Bc6 28. Nb4 Bb7 29. c5 a5 30. c6 Rd8 31. cxb7 axb4 32. Rxd6 Rxd6 33. Rxd6 Rf8
34. Rb6 Rb8 35. Rxb4 Kd7 36. a4 Kc7 37. a5 Rxb7 38. Rxb7+ Kxb7 39. b4 Kc6 40.
f4 Kb5 41. h4 Kxb4 42. a6 Kc3 43. a7 Kd3 44. a8=Q Kxe3 45. Qf3+ Kd4 46. Kb3 e5
47. Qc3+ Kd5 48. Qxe5+ Kc6 49. Qxf5 g5 50. hxg5 h5 51. Qg6+ Kc7 52. Qxh5 Kd6
53. Qf7 Kc5 54. g6 Kb5 55. Qc4+ Ka5 56. Qb4+ Ka6 57. g7 Ka7 58. Qb5 Ka8 59.
g8=R+ Ka7 60. Rg7+ Ka8 61. Qe8# 1-0

[Event "Ì15Ï"]
[Site "Loo"]
[Date "2017.04.21"]
[Round "2.52"]
[White "Êëþñ, Íèêèòà."]
[Black "Êîíîòîï, Äàíèèë."]
[Result "1-0"]
[WhiteElo "1384"]
[BlackElo "1620"]
[PlyCount "65"]
[EventDate "2017.04.20"]

1. e4 e5 2. Nf3 Nc6 3. Bb5 a6 4. Ba4 Nf6 5. O-O Be7 6. Re1 b5 7. Bb3 O-O 8. c3
d6 9. h3 Nb8 10. Bc2 Bb7 11. d4 Nbd7 12. Bg5 c5 13. Nbd2 Qc7 14. Nb3 Rfe8 15.
Nbd2 Rac8 16. Rc1 Qb6 17. Nf1 Rc7 18. Ng3 g6 19. Qd2 a5 20. a3 Rec8 21. Bb3 c4
22. Bc2 Bc6 23. Bh6 Rb8 24. Nf5 Nf8 25. Nxe7+ Rxe7 26. Bxf8 Rxf8 27. Qh6 Re6
28. d5 Bxd5 29. exd5 Nxd5 30. Qd2 Ne7 31. Qh6 f6 32. Nd4 Nf5 33. Bxf5 1-0

[Event "Ì15Ï"]
[Site "Loo"]
[Date "2017.04.21"]
[Round "2.53"]
[White "Çàêèðîâ, Àðòóð."]
[Black "Àíòîíîâ, Àíäðåé."]
[Result "1/2-1/2"]
[WhiteElo "1619"]
[BlackElo "1373"]
[PlyCount "82"]
[EventDate "2017.04.20"]

1. e4 c5 2. Nf3 Nc6 3. d4 cxd4 4. Nxd4 Nf6 5. Nc3 e5 6. Ndb5 d6 7. Nd5 Nxd5 8.
exd5 Nb8 9. c4 Bd7 10. Nc3 Be7 11. Be2 Na6 12. O-O O-O 13. Be3 f5 14. f4 Bf6
15. fxe5 Bxe5 16. Bd4 Re8 17. Bxe5 Rxe5 18. Bd3 Qb6+ 19. Kh1 Qxb2 20. Nb5 Bxb5
21. cxb5 Nc5 22. Bxf5 Qe2 23. Qxe2 Rxe2 24. Rfe1 Ree8 25. g3 g6 26. Be6+ Nxe6
27. dxe6 Re7 28. Rad1 Rd8 29. Rd5 Kg7 30. g4 h5 31. h3 Kf8 32. Kg2 Rg7 33. a4
Ke7 34. a5 Rgg8 35. Rd2 Rgf8 36. b6 a6 37. Ree2 Rc8 38. Rc2 Rxc2 39. Rxc2 Kxe6
40. Rc7 Rf7 41. Rc8 Kf6 1/2-1/2

[Event "Ì15Ï"]
[Site "Loo"]
[Date "2017.04.21"]
[Round "2.54"]
[White "Ðÿõîâñêèé, Ìàðê."]
[Black "Áåëîâ, Êèðèëë."]
[Result "0-1"]
[WhiteElo "1364"]
[BlackElo "1615"]
[PlyCount "76"]
[EventDate "2017.04.20"]

1. c4 e5 2. g3 Nf6 3. Bg2 d5 4. cxd5 Nxd5 5. Nc3 Be6 6. Nf3 Nc6 7. O-O f6 8.
Qb3 Na5 9. Qb5+ c6 10. Qd3 Be7 11. Qc2 O-O 12. a3 b6 13. d4 Nxc3 14. Qxc3 Nb3
15. Rb1 e4 16. Nd2 Nxd4 17. Qe3 f5 18. h4 Ba2 19. Ra1 Nc2 20. Qc3 Nxa1 21. b3
Bf6 22. Qc2 Bxb3 23. Nxb3 Nxb3 24. Qxb3+ Qd5 25. Qc2 Rad8 26. Bf4 c5 27. Qa4
Rd7 28. Kh2 Rfd8 29. Qc2 Qd4 30. Rc1 Qxf2 31. Qc4+ Kf8 32. Qe6 Rd5 33. e3 Qa2
34. Rd1 Qb3 35. Rc1 Qa2 36. Rd1 Rd2 37. Qxa2 Rxa2 38. Bd6+ Be7 0-1

[Event "Ì15Ï"]
[Site "Loo"]
[Date "2017.04.21"]
[Round "2.55"]
[White "ßñòðåáîâ, Íèêèòà."]
[Black "Àðõèí÷ååâ, Âëàä."]
[Result "1-0"]
[WhiteElo "1602"]
[BlackElo "1285"]
[PlyCount "79"]
[EventDate "2017.04.20"]

1. e4 c5 2. Nc3 g6 3. f4 Bg7 4. Nf3 d6 5. Bc4 e6 6. O-O Ne7 7. Bb3 Nbc6 8. d3
O-O 9. Qe1 Nd4 10. Ne2 Nec6 11. Nexd4 Nxd4 12. Nxd4 Bxd4+ 13. Kh1 Bg7 14. Qg3
e5 15. f5 Kh8 16. fxg6 fxg6 17. Bg5 Rxf1+ 18. Rxf1 Qd7 19. Rf7 Qg4 20. Qxg4
Bxg4 21. Rxb7 Rf8 22. Rf7 Ra8 23. h3 Bc8 24. Be7 a5 25. Bxd6 Ra6 26. Bxc5 Be6
27. Bxe6 Rxe6 28. Re7 Rxe7 29. Bxe7 Kg8 30. a4 Kf7 31. Bd8 Bh6 32. Bxa5 Bc1 33.
Bc3 Ke6 34. g4 h5 35. Kg2 hxg4 36. hxg4 g5 37. Kf3 Bf4 38. a5 Kd6 39. Ke2 Kc6
40. Bd2 1-0

[Event "Ì15Ï"]
[Site "Loo"]
[Date "2017.04.21"]
[Round "2.56"]
[White "Ìõèòàðÿí, Êàðåí."]
[Black "Ùåïåòîâ, Ìàêñèì."]
[Result "1/2-1/2"]
[WhiteElo "1280"]
[BlackElo "1600"]
[PlyCount "97"]
[EventDate "2017.04.20"]

1. d4 Nf6 2. c4 g6 3. Nc3 d5 4. Bg5 Ne4 5. Nf3 Nxg5 6. Nxg5 e6 7. Nf3 Bg7 8. e3
O-O 9. Be2 c5 10. cxd5 cxd4 11. Nxd4 exd5 12. O-O Nc6 13. Nxc6 bxc6 14. Rc1 Be6
15. b3 Rc8 16. Qc2 c5 17. Rfd1 Qg5 18. Bf3 d4 19. Ne4 Qh6 20. Nd6 Rcd8 21. Qxc5
dxe3 22. Qxe3 Qxe3 23. fxe3 Bh6 24. Rc3 Rd7 25. Kf2 Rfd8 26. Rcd3 Bf8 27. Nb7
Rxd3 28. Nxd8 Rxd1 29. Bxd1 Bd5 30. Bf3 Be7 31. Bxd5 Bxd8 32. b4 Kf8 33. Kf3
Ke7 34. Kf4 Kf6 35. h4 Bc7+ 36. Ke4 Ke7 37. g4 Bg3 38. h5 Bh4 39. a4 Be1 40. b5
Bc3 41. Kf4 Bd2 42. Ke4 Bc3 43. Kd3 Ba5 44. e4 f6 45. Kc4 gxh5 46. gxh5 h6 47.
Kc5 Kd7 48. Bg8 Bd2 49. b6 1/2-1/2

[Event "Ì15Ï"]
[Site "Loo"]
[Date "2017.04.21"]
[Round "2.57"]
[White "Êîíîâàëîâ, Àëåêñåé."]
[Black "Þñóïîâ, Ìàðê."]
[Result "1-0"]
[WhiteElo "1581"]
[BlackElo "1280"]
[PlyCount "47"]
[EventDate "2017.04.20"]

1. e4 e5 2. Nf3 Nc6 3. d4 exd4 4. Bc4 Bb4+ 5. c3 dxc3 6. bxc3 Bc5 7. Bxf7+ Kxf7
8. Qd5+ Ke8 9. Qxc5 d6 10. Qe3 Qe7 11. O-O Nf6 12. h3 Ne5 13. Nbd2 Be6 14. Ba3
Nfd7 15. Nxe5 Nxe5 16. f4 Nc4 17. Nxc4 Bxc4 18. Rfe1 Qe6 19. Qd4 Rg8 20. f5 Qf7
21. e5 d5 22. Qc5 b6 23. Qc6+ Kd8 24. Qxa8+ 1-0

[Event "Ì15Ï"]
[Site "Loo"]
[Date "2017.04.21"]
[Round "2.58"]
[White "Ïðèùåíêî, Àíäðåé."]
[Black "Êàðäîíîâ, Áààòð."]
[Result "0-1"]
[WhiteElo "1280"]
[BlackElo "1574"]
[PlyCount "102"]
[EventDate "2017.04.20"]

1. e4 e5 2. Nf3 Nc6 3. d4 exd4 4. Nxd4 d6 5. Nc3 Bd7 6. Bc4 Nf6 7. Bg5 Be7 8.
Be3 a6 9. a4 O-O 10. O-O Re8 11. Nxc6 Bxc6 12. f3 Nd7 13. Nd5 Bf6 14. Nxf6+
Qxf6 15. Bd4 Qg6 16. Qd2 Rad8 17. Qa5 Rc8 18. Bd5 Nb8 19. Rae1 Re7 20. c4 Rce8
21. Bf2 h6 22. Bxc6 Nxc6 23. Qf5 Qxf5 24. exf5 Rxe1 25. Rxe1 Rxe1+ 26. Bxe1 Nd4
27. f6 gxf6 28. Kf2 Ne6 29. Ba5 c6 30. Bc3 f5 31. Bd2 Kh7 32. b4 b5 33. axb5
axb5 34. cxb5 cxb5 35. Ke3 Kg6 36. Bc3 d5 37. h4 Kh5 38. g3 f4+ 39. gxf4 Kxh4
40. Bf6+ Kg3 41. f5 Ng5 42. Bxg5 hxg5 43. f6 d4+ 44. Kxd4 Kxf3 45. Ke5 g4 46.
Kd6 g3 47. Ke7 g2 48. Kxf7 g1=Q 49. Kf8 Qd4 50. f7 Qxb4+ 51. Kg8 Qe7 0-1

[Event "Ì15Ï"]
[Site "Loo"]
[Date "2017.04.21"]
[Round "2.59"]
[White "Âèíîêóð, Ëåîíèä."]
[Black "Íàãèáèí, Äàíèëà."]
[Result "1-0"]
[WhiteElo "1572"]
[BlackElo "1239"]
[PlyCount "101"]
[EventDate "2017.04.20"]

1. d4 d5 2. Nf3 Nf6 3. g3 c5 4. Bg2 e6 5. O-O Be7 6. c4 O-O 7. cxd5 Nxd5 8. Nc3
Nc6 9. Nxd5 Qxd5 10. dxc5 Bxc5 11. Qxd5 exd5 12. a3 Bf5 13. b4 Bb6 14. Bb2 Rfe8
15. e3 Rad8 16. Rfd1 Bc7 17. Nd4 Nxd4 18. Bxd4 b6 19. Rac1 Re7 20. Rc3 h6 21.
h3 Rdd7 22. g4 Bg6 23. Rdc1 Be4 24. f3 Bg6 25. f4 Be4 26. Bf1 Bd6 27. Bb5 Rc7
28. Rc6 Red7 29. Kf2 g6 30. Rxd6 Rxc1 31. Rxd7 Rc2+ 32. Be2 f5 33. Ke1 Bg2 34.
gxf5 Bxh3 35. Rg7+ Kf8 36. fxg6 Be6 37. Rxa7 Rc1+ 38. Kd2 Rg1 39. g7+ Ke8 40.
Bf6 Rg2 41. Re7+ Kd8 42. Rxe6+ Kd7 43. Re7+ Kd6 44. Re8 d4 45. g8=Q dxe3+ 46.
Kxe3 Rxg8 47. Rxg8 b5 48. Re8 h5 49. Bxh5 Kd5 50. Bd4 Kc4 51. Bf7# 1-0

[Event "Ì15Ï"]
[Site "Loo"]
[Date "2017.04.21"]
[Round "2.60"]
[White "Øïóðîâ, Àëåêñàíäð."]
[Black "Òîëñòûõ, Äìèòðèé."]
[Result "0-1"]
[WhiteElo "1237"]
[BlackElo "1569"]
[PlyCount "96"]
[EventDate "2017.04.20"]

1. e4 c5 2. Nc3 Nc6 3. g3 g6 4. Bg2 Bg7 5. d3 e5 6. Be3 d6 7. Qd2 Nge7 8. O-O-O
Be6 9. Nd5 f5 10. Nxe7 Qxe7 11. exf5 Bxf5 12. Bg5 Qf7 13. b3 h6 14. Be3 Qf6 15.
c3 O-O-O 16. Ne2 Rde8 17. d4 exd4 18. cxd4 cxd4 19. Bxd4 Nxd4 20. Nxd4 Kb8 21.
Qb4 Be4 22. f3 Rc8+ 23. Kb2 Bxf3 24. Bxf3 Qxf3 25. Qxd6+ Ka8 26. Rhf1 Qe2+ 27.
Ka3 Qxd1 28. Rxd1 Bf8 29. Qxf8 Rhxf8 30. Ne6 Rfe8 31. Ng7 Re7 32. Rd6 Rxg7 33.
h4 h5 34. Rf6 b6 35. b4 Rc3+ 36. Ka4 Rxg3 37. a3 Rg4 38. Kb5 Rxh4 39. a4 Kb7
40. a5 a6+ 41. Ka4 b5+ 42. Ka3 Re7 43. Rf3 g5 44. Kb2 g4 45. Rf6 Rh2+ 46. Kb3
g3 47. Kc3 Re4 48. Rg6 h4 0-1

[Event "Ì15Ï"]
[Site "Loo"]
[Date "2017.04.21"]
[Round "2.61"]
[White "Ïåðåãóäîâ, Äåíèñ."]
[Black "Òåáëîåâ, Ðóñòåì."]
[Result "1-0"]
[WhiteElo "1568"]
[BlackElo "1234"]
[PlyCount "161"]
[EventDate "2017.04.20"]

1. d4 d5 2. Bf4 c6 3. e3 Nf6 4. c4 Qb6 5. Qb3 e6 6. Nc3 Be7 7. c5 Qd8 8. Bd3
Nbd7 9. Nf3 O-O 10. Ne5 Nxe5 11. Bxe5 Nd7 12. Bg3 Bh4 13. Qd1 Bf6 14. Qh5 g6
15. Qg4 Bg7 16. Bd6 Re8 17. f4 e5 18. fxe5 Nxe5 19. Qe2 Nxd3+ 20. Qxd3 Qh4+ 21.
g3 Qxd4 22. Kd2 Qxd3+ 23. Kxd3 Bf5+ 24. Kd2 Be5 25. Bxe5 Rxe5 26. Rhf1 Rd8 27.
Rf4 g5 28. Rb4 Bc8 29. h4 gxh4 30. Rxh4 Rg5 31. Rg1 Kh8 32. Rgh1 Bf5 33. Rh5
Rxh5 34. Rxh5 Bg6 35. Re5 Rd7 36. Ne2 f6 37. Re6 Kg7 38. Nd4 Bf7 39. Rd6 Rxd6
40. cxd6 Be8 41. Ne6+ Kg8 42. Nc5 Kf7 43. d7 Bxd7 44. Nxd7 b6 45. Nb8 c5 46.
Na6 Ke6 47. b4 cxb4 48. Nxb4 Ke5 49. Kd3 h5 50. a4 a5 51. Na2 Kf5 52. Ke2 d4
53. Kd3 dxe3 54. Kxe3 Kg4 55. Kf2 h4 56. gxh4 Kxh4 57. Nc3 Kg4 58. Nd5 Kf5 59.
Nxb6 Ke5 60. Nc4+ Kd5 61. Nxa5 Kc5 62. Nb3+ Kb6 63. Kf3 Ka6 64. Kf4 Kb6 65. Kf5
Ka6 66. Kxf6 Kb6 67. Ke6 Ka6 68. Kd6 Kb6 69. a5+ Ka6 70. Kc6 Ka7 71. Nc5 Kb8
72. Kb6 Ka8 73. Ne6 Kb8 74. a6 Ka8 75. Nc5 Kb8 76. Ne6 Ka8 77. Nc7+ Kb8 78. a7+
Kc8 79. a8=Q+ Kd7 80. Qe8+ Kd6 81. Qe6# 1-0

[Event "Ì15Ï"]
[Site "Loo"]
[Date "2017.04.21"]
[Round "2.62"]
[White "Êîäçîåâ, Àëåêñàíäð."]
[Black "Äÿøêèí, Äìèòðèé."]
[Result "0-1"]
[WhiteElo "1229"]
[BlackElo "1568"]
[PlyCount "99"]
[EventDate "2017.04.20"]

1. e4 c5 2. Nf3 Nc6 3. d4 cxd4 4. Nxd4 g6 5. Nc3 Bg7 6. Be3 Nf6 7. Qd2 Qa5 8.
f3 d6 9. Bc4 Qb4 10. Ndb5 O-O 11. Bb3 a6 12. a3 axb5 13. axb4 Rxa1+ 14. Nd1 e6
15. O-O d5 16. exd5 Nxd5 17. c3 Rd8 18. Qe2 Nxe3 19. Nxe3 Rxf1+ 20. Kxf1 Na7
21. f4 Bd7 22. Ng4 Be8 23. Ne5 Nc6 24. Nxc6 bxc6 25. g3 Ra8 26. Kg2 Ra1 27. g4
Ra8 28. h4 Rd8 29. h5 gxh5 30. gxh5 h6 31. Kg3 Bf6 32. Qe4 Rd2 33. Bxe6 Rxb2
34. Qg6+ Bg7 35. f5 Kf8 36. Bxf7 Bxf7 37. Qxc6 Be5+ 38. Kf3 Kg7 39. Qxb5 Bxc3
40. Qc5 Rb3 41. Kf2 Bxb4 42. Qe5+ Kg8 43. f6 Bf8 44. Qf5 Rc3 45. Qg4+ Kh8 46.
Ke1 Rc5 47. Qf3 Rxh5 48. Kd2 Rg5 49. Qh3 Kg8 50. Ke3 {çàïèñü íåðàçáîð~~èâà} 0-1

[Event "Ì15Ï"]
[Site "Loo"]
[Date "2017.04.21"]
[Round "2.63"]
[White "Âèòåð, Þðèé."]
[Black "Áåçóõîâ, Àëåêñàíäð."]
[Result "0-1"]
[WhiteElo "1207"]
[BlackElo "1564"]
[PlyCount "62"]
[EventDate "2017.04.20"]

1. c4 Nf6 2. Nc3 g6 3. Nf3 Bg7 4. e4 d6 5. h3 O-O 6. d4 e5 7. d5 c6 8. Be2 cxd5
9. cxd5 Ne8 10. O-O f5 11. Bg5 Bf6 12. Bxf6 Qxf6 13. Rc1 Na6 14. Bd3 Nc5 15. b4
Nxd3 16. Qxd3 f4 17. Rc2 g5 18. Rfc1 h5 19. Ne2 Bd7 20. Nh2 g4 21. hxg4 hxg4
22. Rc3 Rf7 23. f3 g3 24. Ng4 Qh4 25. a3 Bxg4 26. fxg4 f3 27. Nxg3 Qxg3 28.
R1c2 Rh7 29. b5 Qe1+ 30. Qf1 Rh1+ 31. Kxh1 Qxf1+ 0-1

[Event "Ì15Ï"]
[Site "Loo"]
[Date "2017.04.21"]
[Round "2.64"]
[White "Òÿí, Îëåã."]
[Black "Äÿòëîâ, Îëåã."]
[Result "0-1"]
[WhiteElo "1136"]
[BlackElo "1549"]
[PlyCount "68"]
[EventDate "2017.04.20"]

1. e4 e6 2. d4 d5 3. e5 c5 4. c3 Nc6 5. Nf3 Qb6 6. Bd3 Bd7 7. Bc2 cxd4 8. cxd4
Nb4 9. Ba4 Bxa4 10. Qxa4+ Qc6 11. Qxc6+ bxc6 12. Na3 Ne7 13. O-O Nc8 14. Bd2
Be7 15. Rfc1 Kd7 16. Bxb4 Bxb4 17. Nc2 Be7 18. Ne3 Nb6 19. Rc2 Rhc8 20. b3 Rc7
21. Rac1 Rac8 22. Nd1 c5 23. dxc5 Rxc5 24. Rxc5 Bxc5 25. Ng5 Bxf2+ 26. Kxf2
Rxc1 27. Ne3 d4 28. Nf1 Rc2+ 29. Ke1 Rxg2 30. Nxf7 Rxa2 31. Nd6 Nd5 32. Nb5 d3
33. Nd2 a6 34. Nd4 Nc3 0-1

[Event "Ì15Ï"]
[Site "Loo"]
[Date "2017.04.21"]
[Round "2.65"]
[White "Ãàâðèëåíêî, Äàíèèë."]
[Black "Áåëîâ, Ñòåïàí."]
[Result "1-0"]
[WhiteElo "1546"]
[BlackElo "1216"]
[PlyCount "81"]
[EventDate "2017.04.20"]

1. d4 d5 2. Nf3 Nf6 3. g3 g6 4. Bg2 Bg7 5. O-O O-O 6. c4 dxc4 7. Ne5 c6 8. Nxc4
Be6 9. Ne5 Nbd7 10. Nxd7 Nxd7 11. e3 Nb6 12. b3 Qc7 13. Bb2 Rad8 14. Qe2 Rd7
15. Nc3 Rfd8 16. Rac1 Qd6 17. Ne4 Qc7 18. Nc5 Rd6 19. Nxe6 Rxe6 20. Bh3 Red6
21. Ba3 Rf6 22. e4 e5 23. dxe5 Qxe5 24. Bb2 Qg5 25. Bxf6 Bxf6 26. Rfd1 Rd4 27.
Rxd4 Bxd4 28. Rd1 Bc5 29. Qd3 Be7 30. f4 Qh5 31. Kg2 Qa5 32. a4 Qb4 33. Rf1 Qa3
34. f5 Nxa4 35. fxg6 hxg6 36. Qc4 Qb4 37. Qxf7+ Kh8 38. Qe8+ Kg7 39. Rf7+ Kh6
40. Qh8+ Kg5 41. Qh4# 1-0

[Event "Ì15Ï"]
[Site "Loo"]
[Date "2017.04.21"]
[Round "2.67"]
[White "Ïàâëè÷åíêî, Íèêèòà."]
[Black "Ñåðàæèì, Ñòàíèñëàâ."]
[Result "1/2-1/2"]
[WhiteElo "1539"]
[BlackElo "1040"]
[PlyCount "110"]
[EventDate "2017.04.20"]

1. d4 d5 2. Nf3 Nf6 3. Bf4 Bg4 4. e3 e6 5. Be2 c5 6. c3 c4 7. Nbd2 Bd6 8. Bg3
O-O 9. Ne5 Bxe2 10. Qxe2 Nbd7 11. Nxf7 Rxf7 12. Bxd6 Nb6 13. Ba3 Na4 14. Qd1 b5
15. O-O Nb6 16. Nf3 Rb7 17. Ne5 Nbd7 18. f4 Nxe5 19. fxe5 Ne4 20. Rf8+ Qxf8 21.
Bxf8 Rxf8 22. Qg4 Re7 23. a4 a6 24. axb5 axb5 25. h3 Rf2 26. Qxe4 dxe4 27. Kxf2
Rf7+ 28. Ke2 Rb7 29. Ra6 Kf7 30. Rc6 h6 31. Kf2 g5 32. g3 h5 33. Rc5 Kg6 34.
Rc6 Kf7 35. Ke2 Ke7 36. Kd2 Kd7 37. Rd6+ Ke7 38. Rc6 Rd7 39. Rb6 Rd5 40. Rb7+
Rd7 41. Rxd7+ Kxd7 42. Kc2 h4 43. gxh4 gxh4 44. b3 Kc6 45. bxc4 bxc4 46. Kb2
Kb6 47. Ka3 Kb5 48. Kb2 Kb6 49. Ka2 Kc6 50. Kb1 Kb7 51. Kc2 Kc6 52. Kd2 Kd5 53.
Kc2 Kc6 54. Kb2 Kb6 55. Ka2 Kc6 1/2-1/2

[Event "Ì15Ï"]
[Site "Loo"]
[Date "2017.04.21"]
[Round "2.69"]
[White "Ïåòÿêîâ, Ýìèð."]
[Black "Ìèêèåâ, Êëèì."]
[Result "0-1"]
[WhiteElo "1191"]
[BlackElo "1511"]
[PlyCount "84"]
[EventDate "2017.04.20"]

1. d4 d5 2. Nf3 e6 3. Bf4 Nf6 4. e3 c5 5. c3 Nc6 6. Bd3 Bd6 7. Bg3 O-O 8. Nbd2
b6 9. Bb1 Ba6 10. Qc2 Rc8 11. Bh4 g6 12. Bg3 cxd4 13. exd4 Re8 14. Qa4 Nb8 15.
Ne5 b5 16. Qb3 b4 17. c4 dxc4 18. Ndxc4 Bxc4 19. Nxc4 Bxg3 20. hxg3 Qxd4 21.
Bd3 Ne4 22. O-O Nc5 23. Qc2 Nxd3 24. Rfd1 Qxc4 25. Qxd3 Qxd3 26. Rxd3 Rc2 27.
Rad1 Rxb2 28. a3 Nc6 29. axb4 Nxb4 30. Rd7 a5 31. Ra7 Ra2 32. Rdd7 Rf8 33. Rdb7
Nd3 34. Rb5 Ra1+ 35. Kh2 Nxf2 36. g4 Nxg4+ 37. Kg3 h5 38. Kf4 Rc8 39. Rbb7 Nh6
40. Kg5 Kg7 41. Rb6 Ra4 42. Rb5 Rg4# 0-1

[Event "Ì15Â"]
[Site "Loo"]
[Date "2017.04.21"]
[Round "2.1"]
[White "Ïîãîñÿí, Ñòåôàí."]
[Black "Îñèïîâ, Äàíèèë."]
[Result "1-0"]
[WhiteElo "2387"]
[BlackElo "2091"]
[PlyCount "71"]
[EventDate "2017.04.20"]

1. d4 Nf6 2. c4 c5 3. d5 e6 4. Nf3 exd5 5. cxd5 d6 6. Nc3 g6 7. Nd2 Bg7 8. Nc4
O-O 9. Bf4 Na6 10. e3 b5 11. Nxb5 Nb4 12. Bxd6 Bf5 13. Nba3 Re8 14. Bxc5 Nbxd5
15. Be2 Ne4 16. Bd4 Qg5 17. O-O Rad8 18. Nc2 Bxd4 19. Nxd4 Bh3 20. Bf3 h5 21.
Kh1 Bg4 22. h3 Qh4 23. Kg1 Bc8 24. Bxe4 Rxe4 25. Nd2 Ree8 26. N2f3 Qf6 27. h4
Re4 28. Rc1 Ne7 29. Qc2 Rg4 30. Qc7 Re8 31. Rfd1 Qa6 32. Ne5 Rxh4 33. Ndc6 Kg7
34. Nxe7 Qf6 35. Nf3 Rg4 36. Qc3 1-0

[Event "Ì15Â"]
[Site "Loo"]
[Date "2017.04.21"]
[Round "2.2"]
[White "Øîáîåâ, Äàíäàð."]
[Black "Åðèöÿí, Àðàì."]
[Result "1-0"]
[WhiteElo "2110"]
[BlackElo "2372"]
[PlyCount "62"]
[EventDate "2017.04.20"]

1. d4 Nf6 2. c4 e6 3. g3 d5 4. Bg2 dxc4 5. Nf3 Bd7 6. Ne5 Bc6 7. Nxc6 Nxc6 8.
O-O Qd7 9. Nc3 Rd8 10. Qa4 Nd5 11. Qxc4 Nb6 12. Bxc6 Nxc4 13. Bxd7+ Rxd7 14. b3
Na3 15. e3 Nc2 16. Rb1 c5 17. dxc5 Bxc5 18. Bb2 O-O 19. Rfd1 Rc7 20. Rdc1 Na3
21. Ra1 Be7 22. Ne4 Nc2 23. Rab1 Rfc8 24. Kg2 f5 25. Nd2 b5 26. Rd1 Na3 27.
Rbc1 Rc2 28. Nf3 Rxc1 29. Rxc1 Rxc1 30. Bxc1 Nc2 31. Bd2 a6 {
äàëåå çàïèñü íåðàçáîð~~èâà} 1-0

[Event "Ì15Â"]
[Site "Loo"]
[Date "2017.04.21"]
[Round "2.3"]
[White "Èñìàãèëîâ, Äàìèð."]
[Black "Íåñòåðîâ, Àðñåíèé."]
[Result "0-1"]
[WhiteElo "2039"]
[BlackElo "2324"]
[PlyCount "87"]
[EventDate "2017.04.20"]

1. Nf3 Nf6 2. g3 d5 3. Bg2 Bf5 4. O-O e6 5. c4 c6 6. d3 Be7 7. cxd5 exd5 8. Nd4
Bg6 9. Nc3 O-O 10. e4 Nbd7 11. Kh1 Nc5 12. b4 Ne6 13. Nc2 dxe4 14. dxe4 Qxd1
15. Rxd1 Ng4 16. Kg1 Bf6 17. Bd2 a5 18. a3 axb4 19. axb4 Rxa1 20. Rxa1 Rd8 21.
Be1 Ng5 22. f4 Bxc3 23. Bxc3 Nxe4 24. Bxe4 Bxe4 25. Nd4 h6 26. Re1 f5 27. h3
Nf6 28. Ne6 Rd3 29. Bxf6 gxf6 30. g4 Rxh3 31. gxf5 Rh1+ 32. Kf2 Rxe1 33. Kxe1
Bxf5 34. Nc5 b6 35. Na4 b5 36. Nc3 Kf7 37. Kf2 Ke6 38. Ke3 Kd6 39. Kd4 h5 40.
Ke3 h4 41. Kf3 c5 42. Nxb5+ Kc6 43. Na3 cxb4 44. Nc2 0-1

[Event "Ì15Â"]
[Site "Loo"]
[Date "2017.04.21"]
[Round "2.4"]
[White "Öîé, Äìèòðèé."]
[Black "Äóäèí, Ãëåá."]
[Result "1-0"]
[WhiteElo "2305"]
[BlackElo "2031"]
[PlyCount "105"]
[EventDate "2017.04.20"]

1. e4 e5 2. Nf3 Nc6 3. Bb5 Nf6 4. d3 Bc5 5. Bxc6 dxc6 6. Nbd2 O-O 7. Nc4 Nd7 8.
Qe2 Qe7 9. Bg5 Qe6 10. h4 Nb6 11. Be3 Bb4+ 12. Ncd2 f6 13. c3 Be7 14. h5 Qf7
15. h6 g6 16. Kd1 Be6 17. Kc2 a5 18. Nh4 Rfd8 19. f4 exf4 20. Bxf4 Rd7 21. Rhf1
Rad8 22. d4 a4 23. b3 Rf8 24. Be3 Qe8 25. g4 Bd8 26. Rg1 Rdf7 27. Nf5 Bc8 28.
Ng7 Qe7 29. c4 Nd7 30. c5 b6 31. b4 Kh8 32. Raf1 Nb8 33. Rf3 Be6 34. a3 Bb3+
35. Kc3 Be6 36. Bf2 Nd7 37. Qa6 Rxg7 38. hxg7+ Kxg7 39. Qxa4 b5 40. Qa6 Nb8 41.
Qb7 Qd7 42. Qxb8 Be7 43. Qb7 Bg8 44. Rh1 f5 45. gxf5 gxf5 46. Rg1+ Kh8 47. Rxf5
Rxf5 48. exf5 Qxf5 49. Qb8 Qf7 50. Bg3 Bf6 51. Be5 Bxe5 52. dxe5 Qa2 53. Rxg8+
1-0

[Event "Ì15Â"]
[Site "Loo"]
[Date "2017.04.21"]
[Round "2.5"]
[White "Âàñèëüåâ, Ãåîðãèé."]
[Black "Øóáèí, Êèðèëë."]
[Result "0-1"]
[WhiteElo "2011"]
[BlackElo "2287"]
[PlyCount "68"]
[EventDate "2017.04.20"]

1. d4 e6 2. Nf3 Nf6 3. c4 Bb4+ 4. Bd2 c5 5. a3 Bxd2+ 6. Qxd2 b6 7. Nc3 O-O 8.
e4 Bb7 9. Bd3 d6 10. O-O cxd4 11. Nxd4 a6 12. f3 Nbd7 13. Rfd1 Qc7 14. Rac1
Rfd8 15. Bf1 Rac8 16. Kh1 Qb8 17. b3 Nc5 18. b4 Ncd7 19. Nc2 Ne5 20. Ne3 Qc7
21. Qd4 Nc6 22. Qd2 Qb8 23. f4 Ne7 24. Bd3 Ng6 25. Rf1 Bc6 26. Nc2 d5 27. cxd5
exd5 28. e5 Ne4 29. Qe1 Nxc3 30. Qxc3 d4 31. Qe1 Bb5 32. Qe2 Bxd3 33. Qxd3 Rc3
34. Qd2 Qc7 0-1